Lord of the Rings Places by Picture #2 - Statistics

General Stats
  • This quiz has been taken 77 times
    76 since last reset
  • The average score is 10 of 16
Answer Stats
Picture Answer % Correct
Bag End
86%
Minas Morgul
85%
Orthanc
83%
Helms Deep
82%
Mount Doom
78%
The Pelennor Fields
78%
Barad-dur
68%
The Bridge of Khazad Dum
63%
The Grey Havens
63%
Anduin
54%
Shelob's Lair
52%
The Argonath
51%
Caras Galadhon
48%
The Tower of Cirith Ungol
42%
The Paths of the Dead
31%
Amon Din
28%
No matching quizzes found
Score Distribution
Percent of People with Each Score
Percentile by Number Answered
Your Score History
You have not taken this quiz since the last reset